00256nam a2200109Ia 4500008004100000100002200041245002200063260002300085260000900108546001200117999001700129170619s9999 xx 000 0 und d aMILENKOVIC- MILAN 0aOPERATING SYSTEMS bPEARSON EDU. DELHI c2003 aENGLISH c22882d22882